| 000 | 00352nam a2200133Ia 4500 | ||
|---|---|---|---|
| 008 | 240624s9999 xx 000 0 und d | ||
| 041 | _aeng | ||
| 082 | _a658 MIC | ||
| 100 | _aMICHELLI JOSEPH A | ||
| 245 | _aSTARBUCKS EXPERIENCE 5 PRINCIPLES FOR TU | ||
| 260 |
_c2007 _aNew Delhi _bMcGraw-Hill |
||
| 300 | _axiv, : 208 : p. : cm. ; 20 | ||
| 365 |
_cRS _b33 |
||
| 999 |
_c5307 _d5307 |
||